|
|
|
|
| LEADER |
03453nam a22005655i 4500 |
| 001 |
978-3-7643-8864-5 |
| 003 |
DE-He213 |
| 005 |
20210622230158.0 |
| 007 |
cr nn 008mamaa |
| 008 |
100301s2008 sz | s |||| 0|eng d |
| 020 |
|
|
|a 9783764388645
|9 978-3-7643-8864-5
|
| 024 |
7 |
|
|a 10.1007/978-3-7643-8864-5
|2 doi
|
| 050 |
|
4 |
|a QA76.6-76.66
|
| 072 |
|
7 |
|a UM
|2 bicssc
|
| 072 |
|
7 |
|a COM051000
|2 bisacsh
|
| 072 |
|
7 |
|a UM
|2 thema
|
| 082 |
0 |
4 |
|a 005.11
|2 23
|
| 245 |
1 |
0 |
|a Emerging Web Services Technology, Volume II
|h [electronic resource] /
|c edited by Thomas Gschwind, Cesare Pautasso.
|
| 250 |
|
|
|a 1st ed. 2008.
|
| 264 |
|
1 |
|a Basel :
|b Birkhäuser Basel :
|b Imprint: Birkhäuser,
|c 2008.
|
| 300 |
|
|
|a XII, 188 p.
|b online resource.
|
| 336 |
|
|
|a text
|b txt
|2 rdacontent
|
| 337 |
|
|
|a computer
|b c
|2 rdamedia
|
| 338 |
|
|
|a online resource
|b cr
|2 rdacarrier
|
| 347 |
|
|
|a text file
|b PDF
|2 rda
|
| 490 |
1 |
|
|a Whitestein Series in Software Agent Technologies and Autonomic Computing
|
| 505 |
0 |
|
|a Opening Keynote -- Emerging Web Services Technologies — Some Research Challenges Ahead -- Service Discovery and Selection -- Service selection by choreography-driven matching -- Enabling Business Experts to Discover Web Services for Business Process Automation -- Evaluation of Semantic Service Discovery—A Survey and Directions for Future Research -- Service Composition -- A Framework for Dynamic Web Services Composition -- Composite Web Services -- On the Management Requirements of Web Service Compositions -- BPEL Extensions -- BPEL DT — Data-Aware Extension for Data-Intensive Service Applications -- Towards Resource-Oriented BPEL -- Quality of Service -- SSL-over-SOAP: Towards a Token-based Key Establishment framework for Web services -- A Framework for QoS-based Resource Brokering in Grid Computing -- Model-Driven Performance Evaluation for Service Engineering.
|
| 650 |
|
0 |
|a Computer programming.
|
| 650 |
|
0 |
|a Application software.
|
| 650 |
|
0 |
|a Computer organization.
|
| 650 |
|
0 |
|a Computer communication systems.
|
| 650 |
|
0 |
|a Management information systems.
|
| 650 |
|
0 |
|a Computer science.
|
| 650 |
1 |
4 |
|a Programming Techniques.
|0 https://scigraph.springernature.com/ontologies/product-market-codes/I14010
|
| 650 |
2 |
4 |
|a Information Systems Applications (incl. Internet).
|0 https://scigraph.springernature.com/ontologies/product-market-codes/I18040
|
| 650 |
2 |
4 |
|a Computer Systems Organization and Communication Networks.
|0 https://scigraph.springernature.com/ontologies/product-market-codes/I13006
|
| 650 |
2 |
4 |
|a Computer Communication Networks.
|0 https://scigraph.springernature.com/ontologies/product-market-codes/I13022
|
| 650 |
2 |
4 |
|a Management of Computing and Information Systems.
|0 https://scigraph.springernature.com/ontologies/product-market-codes/I24067
|
| 700 |
1 |
|
|a Gschwind, Thomas.
|e editor.
|4 edt
|4 http://id.loc.gov/vocabulary/relators/edt
|
| 700 |
1 |
|
|a Pautasso, Cesare.
|e editor.
|4 edt
|4 http://id.loc.gov/vocabulary/relators/edt
|
| 710 |
2 |
|
|a SpringerLink (Online service)
|
| 773 |
0 |
|
|t Springer Nature eBook
|
| 776 |
0 |
8 |
|i Printed edition:
|z 9783764398668
|
| 776 |
0 |
8 |
|i Printed edition:
|z 9783764388638
|
| 830 |
|
0 |
|a Whitestein Series in Software Agent Technologies and Autonomic Computing
|
| 856 |
4 |
0 |
|u https://doi.org/10.1007/978-3-7643-8864-5
|
| 912 |
|
|
|a ZDB-2-SCS
|
| 912 |
|
|
|a ZDB-2-SXCS
|
| 950 |
|
|
|a Computer Science (SpringerNature-11645)
|
| 950 |
|
|
|a Computer Science (R0) (SpringerNature-43710)
|